[Event "Druzynowe Mistrzostwa Polski Juniorow - II liga"]
[Site "Sypniewo k. Jastowia"]
[Date "2024-06-17"]
[Round "4.15"]
[White "Chomicki, Kornel"]
[Black "Kiszkiel, Oskar"]
[Result "0-1"]
[WhiteTitle "II+"]
[BlackTitle "I"]
[WhiteElo "1613"]
[BlackElo "1741"]

1. e4 c5 2. Nc3 a6 3. g3 b5 4. d3 Bb7 5. Bg2 e6 6. f4 d5 7. exd5 Nf6 8. Qe2 Nxd5
9. Nxd5 Bxd5 10. Bxd5 Qxd5 11. Nf3 Nd7 12. O-O Be7 13. c4 Qf5 14. Ne5 Nxe5 15.
fxe5 Qg6 16. cxb5 axb5 17. Be3 O-O 18. b3 Rfd8 19. Rad1 Rd5 20. Bf4 Rad8 21. d4
cxd4 22. Rd3 h5 23. Rfd1 Qg4 24. Qe4 g5 25. h3 Qxh3 26. Bc1 Qf5 27. Qxf5 exf5
28. Kf1 Kg7 29. Bb2 Bc5 30. a4 bxa4 31. bxa4 Ra8 32. Ra1 Rxe5 33. Bxd4 Bxd4 34.
Rxd4 Re4 35. Rxe4 fxe4 36. a5 Ra6 37. Ke2 Kf6 38. Ke3 Ke5 39. Ra3 f5 40. Ra4 Kd5
41. Ra1 Kc5 42. Rf1 Rf6 43. Ra1 Kb5 44. Ra2 Rd6 45. Rf2 Rd3+ 46. Ke2 Rf3 47. Rh2
Rxg3 48. Rxh5 Kxa5 49. Kf2 f4 50. Rh8 Rd3 51. Re8 e3+ 52. Kf3 Rd5 53. Re4 Kb5
54. Re8 Kc5 55. Re4 Kd6 56. Re8 Re5 57. Rd8+ Ke7 0-1

[Event "Druzynowe Mistrzostwa Polski Juniorow - II liga"]
[Site "Sypniewo k. Jastowia"]
[Date "2024-06-17"]
[Round "4.16"]
[White "Janeczek, Maksymilian"]
[Black "Dunda, Szymon"]
[Result "0-1"]
[WhiteTitle "II"]
[BlackTitle "II"]
[WhiteElo "1570"]
[BlackElo "1548"]

1. e4 c5 2. Nf3 d6 3. d4 cxd4 4. Nxd4 Nf6 5. Nc3 a6 6. Be3 e5 7. Nb3 Be7 8. Be2
Be6 9. Qd2 Nbd7 10. f4 exf4 11. Bxf4 Ne5 12. O-O-O Qc7 13. h3 b5 14. Kb1 Rc8 15.
g4 b4 16. Nd5 Bxd5 17. exd5 Ng6 18. Rhf1 Nxf4 19. Rxf4 Nxd5 20. Rc4 Qd7 21. Qxd5
O-O 22. g5 Rb8 23. h4 Rfe8 24. Rf1 Bf8 25. Bg4 Qe7 26. Bf5 Rb5 27. Qd2 a5 28.
Re4 Rxf5 29. Rxf5 Qxe4 30. Qf2 Qh1+ 31. Nc1 Re1 32. Qf4 Qe4 33. Rxf7 Rxc1+ 34.
Qxc1 Kxf7 35. Qf1+ Kg8 36. b3 Qxh4 37. Qb5 Qe1+ 38. Kb2 Qe5+ 39. Qxe5 dxe5 40.
c3 Bc5 41. c4 h5 42. gxh6 gxh6 43. Kc2 h5 44. Kd3 h4 45. Ke4 h3 46. Kxe5 h2 47.
Kd5 Bf2 48. c5 h1=Q+ 49. Kd6 Bg3+ 50. Kd7 Qd5+ 0-1

[Event "Druzynowe Mistrzostwa Polski Juniorow - II liga"]
[Site "Sypniewo k. Jastowia"]
[Date "2024-06-17"]
[Round "4.17"]
[White "Szczotka, Matylda"]
[Black "Gajec, Roza"]
[Result "0-1"]
[WhiteTitle "I"]
[BlackTitle "I"]
[WhiteElo "1670"]
[BlackElo "1771"]

1. e4 c5 2. Nc3 Nc6 3. g3 e6 4. Bg2 Nge7 5. Nge2 a6 6. d3 d6 7. O-O g6 8. Bg5 Bg7
9. Qd2 h6 10. Be3 Nd4 11. Rab1 Nec6 12. a3 Rb8 13. Nf4 Ne5 14. Bxd4 cxd4 15. Nce2
Nc6 16. c3 O-O 17. h4 Kh7 18. cxd4 Nxd4 19. Nxd4 Bxd4 20. Ne2 Bg7 21. d4 e5 22.
Rfd1 Be6 23. d5 Bd7 24. Qb4 Be8 25. Rdc1 Bb5 26. Qd2 h5 27. Rc2 Bh6 28. Qd1 Rc8
29. Nc3 Bd7 30. Na2 Bg4 31. Qd3 Qe7 32. Rxc8 Rxc8 33. Nc3 b5 34. Na2 Qb7 35. Bf1
f5 36. Re1 fxe4 37. Qxe4 Bf5 38. Qf3 Bd2 39. Ra1 Rc5 40. Bd3 Bxd3 41. Qxd3 Qxd5
42. Qe2 Bh6 43. Nc3 Qe6 44. Ne4 Rc7 45. Rd1 d5 46. Nc3 Rd7 47. Qf3 e4 48. Qe2
e3 49. f3 Qh3 50. Qg2 Qf5 51. f4 d4 52. Ne4 d3 53. Re1 d2 54. Rd1 Bg7 55. Ng5+
Kg8 56. Qa8+ Bf8 57. Qf3 Bc5 58. Kf1 Qd3+ 59. Qe2 Qd5 60. Kg1 Qd3 61. Kf1 Qd5
62. Kg1 Bd4 63. b4 Rc7 64. Kh2 Rc1 65. Nf3 Qc4 66. Rxd2 exd2 67. Qe8+ Kg7 68.
Qd7+ Kh6 69. Nxd4 Rh1+ 0-1

[Event "Druzynowe Mistrzostwa Polski Juniorow - II liga"]
[Site "Sypniewo k. Jastowia"]
[Date "2024-06-17"]
[Round "4.18"]
[White "Gruszecka, Alicja"]
[Black "Saliuk, Maryia"]
[Result "1/2-1/2"]
[WhiteTitle "I"]
[BlackTitle "I"]
[WhiteElo "1719"]
[BlackElo "1503"]

1. e4 e5 2. Nf3 Qe7 3. Bc4 d6 4. O-O h6 5. d4 Nf6 6. Re1 c6 7. c3 Bg4 8. Nbd2 Nbd7
9. a4 Nb6 10. Bd3 Qc7 11. Nc4 Nxc4 12. Bxc4 Qe7 13. Bd3 Nh7 14. Be2 Ng5 15. Nxg5
Bxe2 16. Qxe2 hxg5 17. b4 Qe6 18. Bxg5 f6 19. Bd2 g5 20. Qf3 Bh6 21. Qf5 Qxf5
22. exf5 g4 23. Bxh6 Rxh6 24. Re4 O-O-O 25. Rxg4 Rh5 26. Re1 Rxf5 27. Re3 Re8
28. f4 a6 29. g3 b5 30. a5 Re7 31. Kf2 Rh7 32. h4 Kd7 33. Kg2 exf4 34. Rxf4 Rxf4
35. gxf4 Rxh4 36. Kg3 Rh5 37. Kg4 Rh1 38. Kf5 Rf1 39. Kg4 1/2-1/2

[Event "Druzynowe Mistrzostwa Polski Juniorow - II liga"]
[Site "Sypniewo k. Jastowia"]
[Date "2024-06-17"]
[Round "4.19"]
[White "Przybylski, Bartosz"]
[Black "Frac, Piotr"]
[Result "0-1"]
[WhiteTitle "k"]
[BlackTitle "I"]
[WhiteElo "2085"]
[BlackElo "1900"]

1. e4 c5 2. Nf3 d6 3. d4 cxd4 4. Nxd4 Nf6 5. Nc3 g6 6. Be3 Bg7 7. f3 O-O 8. Qd2
Nc6 9. Bc4 Bd7 10. O-O-O Rc8 11. Bb3 Nxd4 12. Bxd4 b5 13. Nd5 Nxd5 14. Bxg7 Kxg7
15. exd5 a5 16. a3 Kg8 17. h4 b4 18. axb4 axb4 19. Qd4 Qa5 20. h5 Bf5 21. Kd2
Rxc2+ 22. Bxc2 b3+ 23. Ke3 bxc2 24. Rc1 Rb8 25. g4 Rb4 26. Qc3 Qb6+ 27. Ke2 Rb3
28. gxf5 Rxc3 29. bxc3 Qb5+ 30. Ke3 Qc5+ 31. Ke2 Qc4+ 32. Kf2 Qxc3 33. fxg6 fxg6
34. Ke2 g5 35. Rhg1 h6 36. Rg4 e5 37. Re4 Kf7 38. Re3 Qc4+ 39. Kd2 Qxd5+ 40. Rd3
Qa5+ 41. Kxc2 d5 42. Rb3 Kf6 43. Kb1 Qa6 44. Rc5 Qf1+ 45. Kb2 Qf2+ 46. Rc2 Qd4+
47. Kb1 g4 48. fxg4 Kg5 49. Rbb2 Kxg4 50. Rf2 e4 51. Rg2+ Kf3 52. Rg8 Qd1+ 53.
Ka2 d4 54. Rf8+ Ke3 55. Rg8 d3 56. Rb4 Qc2+ 57. Ka1 Qc3+ 58. Rb2 Qc1+ 0-1

[Event "Druzynowe Mistrzostwa Polski Juniorow - II liga"]
[Site "Sypniewo k. Jastowia"]
[Date "2024-06-17"]
[Round "4.20"]
[White "Grech, Kacper"]
[Black "Polak, Aleksander"]
[Result "1-0"]
[WhiteTitle "II+"]
[BlackTitle "II"]
[WhiteElo "1822"]
[BlackElo "1554"]

1. d4 Nf6 2. c4 e6 3. Nc3 Bb4 4. f3 O-O 5. a3 Bxc3+ 6. bxc3 d5 7. cxd5 exd5 8.
e3 Re8 9. Bd3 c5 10. Ne2 cxd4 11. cxd4 Nc6 12. O-O a6 13. Ra2 Be6 14. Ng3 Rc8
15. Re2 h6 16. Bb1 Qb6 17. Bb2 Red8 18. Qd3 Na5 19. Ba1 Rc7 20. Ba2 Qc6 21. e4
dxe4 22. fxe4 Bxa2 23. Rxa2 Qc4 24. Qxc4 Nxc4 25. d5 Ng4 26. Bd4 Nge5 27. Rc2
b5 28. Bxe5 Re7 29. Bd4 Nxa3 30. Rc6 1-0

[Event "Druzynowe Mistrzostwa Polski Juniorow - II liga"]
[Site "Sypniewo k. Jastowia"]
[Date "2024-06-17"]
[Round "4.21"]
[White "Kosecki, Kacper"]
[Black "Dobrowolski, Kamil"]
[Result "0-1"]
[WhiteTitle "III"]
[BlackTitle "II+"]
[WhiteElo "1444"]
[BlackElo "1801"]

1. c4 e5 2. Nc3 Nf6 3. g3 c6 4. Bg2 d5 5. cxd5 cxd5 6. Qb3 Nc6 7. Nxd5 Nxd5 8.
Qxd5 Bd6 9. Nf3 Nb4 10. Qb3 Be6 11. Qd1 Rc8 12. Qa4+ Bd7 13. Qxa7 Nc2+ 14. Kd1
Nxa1 15. Qxb7 Bc6 16. Qa7 O-O 17. b3 Ra8 18. Qe3 Rxa2 19. Qc3 Nxb3 20. Qxb3 Ba4
21. Qc3 Bc6 22. Qxc6 Ra1 23. Kc2 0-1

[Event "Druzynowe Mistrzostwa Polski Juniorow - II liga"]
[Site "Sypniewo k. Jastowia"]
[Date "2024-06-17"]
[Round "4.23"]
[White "Sliwicka, Weronika"]
[Black "Popczynska, Maja"]
[Result "1/2-1/2"]
[WhiteTitle "I"]
[BlackTitle "I+"]
[WhiteElo "1795"]
[BlackElo "1812"]

1. e4 c5 2. Nf3 d6 3. d4 cxd4 4. Nxd4 Nf6 5. Nc3 Nc6 6. Bg5 e6 7. Bb5 Bd7 8. Bxc6
bxc6 9. Qf3 e5 10. Nf5 Bxf5 11. Qxf5 Qd7 12. Qxd7+ Nxd7 13. O-O-O f6 14. Be3 Nb6
15. b3 O-O-O 16. Kb2 g6 17. a4 Kb7 18. a5 Na8 19. a6+ Kb8 20. Ra1 d5 21. exd5
cxd5 22. Rhd1 Nc7 23. Ne4 Be7 24. Bc5 Bxc5 25. Nxc5 d4 26. Ra4 Nd5 27. Ra5 Nc3
28. Rd3 Rd5 29. b4 Rc8 30. Rxc3 dxc3+ 31. Kxc3 Rc6 32. Rb5+ Kc8 33. Rb7 Rc7 34.
Rb5 Rd6 35. Ra5 Kd8 36. Kb3 Ke7 37. Rb5 f5 38. f3 Rd2 39. Rb7 Kd6 40. Ne6 Rdxc2
41. Nxc7 Rxc7 42. Rb8 Kd7 43. Rh8 Kc6 44. Re8 Kd6 45. b5 1/2-1/2

[Event "Druzynowe Mistrzostwa Polski Juniorow - II liga"]
[Site "Sypniewo k. Jastowia"]
[Date "2024-06-17"]
[Round "4.24"]
[White "Popczynska, Michalina"]
[Black "Terekhova, Svitlana"]
[Result "1-0"]
[WhiteTitle "I"]
[BlackTitle "III"]
[WhiteElo "1857"]
[BlackElo "1628"]

1. e4 e5 2. Nf3 Nc6 3. Bb5 Nd4 4. Nxd4 exd4 5. O-O a6 6. Bc4 Bc5 7. Bxf7+ Kxf7
8. Qh5+ g6 9. Qxc5 Qf6 10. Qxc7 Qc6 11. Qf4+ Ke6 12. Na3 d6 13. d3 Kd7 14. Qf7+
Ne7 15. Bg5 Re8 16. Rfe1 Qc5 17. Bf6 b5 18. Qxh7 Bb7 19. Qg7 a5 20. Bxd4 Qb4 21.
Bf6 Qc5 22. Re3 Ra7 23. Bd4 Qg5 24. Bxa7 d5 25. Rg3 Qf4 26. Be3 Qd6 27. Nxb5 Qb4
28. Na3 dxe4 29. dxe4 Qxe4 30. Qd4+ Kc8 31. Qxe4 Bxe4 32. Rg4 Bf5 33. Rc4+ Kd7
34. Rd1+ Ke6 35. g4 Rg8 36. gxf5+ gxf5+ 37. Kh1 Ke5 38. f4+ Ke6 39. Rc5 Rb8 40.
Re5+ Kf6 41. Rd6+ Kf7 42. Rd7 Re8 43. Bc5 Kg6 44. Rdxe7 Rb8 45. R5e6+ Kh5 46.
Rg7 Rh8 47. Bf2 a4 48. Rg5# 1-0

[Event "Druzynowe Mistrzostwa Polski Juniorow - II liga"]
[Site "Sypniewo k. Jastowia"]
[Date "2024-06-17"]
[Round "4.25"]
[White "Klim, Filip"]
[Black "Nowak, Maciej"]
[Result "1-0"]
[WhiteTitle "k"]
[BlackTitle "I"]
[WhiteElo "1914"]
[BlackElo "1791"]

1. e4 c5 2. Nf3 d6 3. d4 cxd4 4. Nxd4 Nf6 5. Nc3 g6 6. Be3 Bg7 7. f3 O-O 8. Qd2
Nc6 9. O-O-O d5 10. Nxc6 bxc6 11. Bh6 Be6 12. Bxg7 Kxg7 13. exd5 Nxd5 14. Bc4
Nc7 15. Qg5 Qc8 16. Bxe6 Qxe6 17. Rhe1 Qf6 18. Qxf6+ Kxf6 19. Rd7 Ne6 20. Ne4+
Kg7 21. Rxe7 Rfe8 22. Rd7 Nc5 23. Rc7 Nxe4 24. Rxe4 Rxe4 25. fxe4 Re8 26. Rxa7
Rxe4 27. Kd2 Kf6 28. Rc7 Re6 29. a4 Rd6+ 30. Kc3 Ke6 31. a5 h5 32. a6 c5 33. a7
Rd8 34. Rxc5 1-0

[Event "Druzynowe Mistrzostwa Polski Juniorow - II liga"]
[Site "Sypniewo k. Jastowia"]
[Date "2024-06-17"]
[Round "4.26"]
[White "Wieckowski, Igor"]
[Black "Urych, Krzysztof"]
[Result "0-1"]
[WhiteTitle "I"]
[BlackTitle "I"]
[WhiteElo "1623"]
[BlackElo "1782"]

1. d4 g6 2. c4 Bg7 3. Nc3 d6 4. g3 c5 5. dxc5 dxc5 6. Qxd8+ Kxd8 7. Be3 Bxc3+ 8.
bxc3 Nd7 9. Bg2 Ngf6 10. Nh3 Ng4 11. Bc1 Nge5 12. Bf4 f6 13. Bd5 g5 14. Be3 Nb6
15. Ng1 e6 16. Be4 Na4 17. Bd3 Nb2 18. f4 gxf4 19. gxf4 Nexd3+ 20. exd3 Nxd3+
21. Ke2 Nb2 22. Bxc5 Nxc4 23. Nf3 b6 24. Bd4 Ke7 25. Rhg1 Rf8 26. Rg7+ Rf7 27.
Rag1 Bb7 28. Nh4 Raf8 29. R1g3 Nd6 30. Rg1 Nb5 31. a4 Nxd4+ 32. cxd4 f5 33. a5
bxa5 34. R7g3 Rc8 35. Nf3 Bxf3+ 36. Rxf3 Rc2+ 37. Kd3 Ra2 38. Kc4 Kd6 39. Kb3
Rxh2 40. Ra1 Rb7+ 41. Kc4 Rb4+ 42. Kc3 Rhb2 43. Rff1 R4b3+ 44. Kc4 Rb4+ 45. Kc3
a4 0-1

[Event "Druzynowe Mistrzostwa Polski Juniorow - II liga"]
[Site "Sypniewo k. Jastowia"]
[Date "2024-06-17"]
[Round "4.27"]
[White "Lesik, Sebastian"]
[Black "Szmolke, Stanislaw"]
[Result "1-0"]
[WhiteTitle "I"]
[BlackTitle "I"]
[WhiteElo "1845"]
[BlackElo "1760"]

1. d4 Nf6 2. c4 e6 3. Nc3 Bb4 4. Qc2 O-O 5. a3 Bxc3+ 6. Qxc3 b6 7. Bg5 Bb7 8. f3
d5 9. e3 Nbd7 10. Bd3 h6 11. Bh4 Re8 12. Ne2 Qc8 13. cxd5 Nxd5 14. Qd2 N5f6 15.
e4 Ba6 16. O-O Bxd3 17. Qxd3 Qb7 18. b4 Rac8 19. Rab1 c6 20. Rfc1 e5 21. Rb2 exd4
22. Qxd4 Qa6 23. Rc3 Rcd8 24. Qd1 c5 25. Rd2 Qc8 26. Rcd3 c4 27. Rd6 c3 28. Bxf6
gxf6 29. R2d3 c2 30. Qd2 Re7 31. Rxf6 Kf8 32. Rxh6 f5 33. Rh8+ Kf7 34. Rh7+ Ke8
35. Rh8+ Kf7 36. Rxd8 Qxd8 37. Qxc2 fxe4 38. fxe4 Ne5 39. Rxd8 1-0

[Event "Druzynowe Mistrzostwa Polski Juniorow - II liga"]
[Site "Sypniewo k. Jastowia"]
[Date "2024-06-17"]
[Round "4.28"]
[White "Wasiluk, Dominik"]
[Black "Mroczkowski, Adam"]
[Result "1/2-1/2"]
[WhiteTitle "I"]
[BlackTitle "I"]
[WhiteElo "1709"]
[BlackElo "1714"]

1. e4 e5 2. Nf3 Nc6 3. Bc4 Bc5 4. c3 Nf6 5. d4 exd4 6. cxd4 Bb4+ 7. Nc3 d5 8. exd5
Nxd5 9. O-O Bxc3 10. bxc3 O-O 11. Qc2 h6 12. Re1 Be6 13. Ba3 Re8 14. Rab1 a6 15.
Bd3 b5 16. Be4 Na5 17. Nd2 c6 18. Bd3 Nb6 19. Bb4 Nac4 20. Nxc4 Nxc4 21. Bxc4
Bxc4 22. Qd2 Qd5 23. a3 Qf5 24. Rbc1 Bd5 25. f3 Qg6 26. Qf4 Qg5 27. Qxg5 hxg5
28. Kf2 f6 29. Kg3 Kf7 30. h4 gxh4+ 31. Kxh4 Rxe1 32. Rxe1 Re8 33. Rc1 Re2 34.
Kg3 g5 35. Rh1 Kg7 36. Rh5 1/2-1/2

[Event "Druzynowe Mistrzostwa Polski Juniorow - II liga"]
[Site "Sypniewo k. Jastowia"]
[Date "2024-06-17"]
[Round "4.29"]
[White "Dzierzgowska, Jagoda"]
[Black "Nowak, Zuzanna"]
[Result "0-1"]
[WhiteTitle "I"]
[BlackTitle "I++"]
[WhiteElo "1458"]
[BlackElo "1725"]

1. d4 Nf6 2. c4 g6 3. Nc3 Bg7 4. e4 d6 5. Nf3 O-O 6. Be2 e5 7. d5 a5 8. a3 Na6
9. O-O Nc5 10. Qc2 a4 11. Be3 Nfd7 12. Nd2 f5 13. f3 Rf7 14. b4 axb3 15. Nxb3
Nxb3 16. Qxb3 Qf8 17. Nb5 Nf6 18. Qc2 Bd7 19. c5 Bxb5 20. Bxb5 Bh6 21. Bxh6 Qxh6
22. cxd6 cxd6 23. a4 fxe4 24. Qe2 exf3 25. Rxf3 Rc8 26. Raf1 Ng4 27. h3 Rxf3 28.
Qxf3 Qe3+ 29. Qxe3 Nxe3 30. Bd7 Rc7 31. Be6+ Kg7 32. Re1 Nf5 33. Rb1 Ne3 34. Rb3
Nc4 35. Kf2 e4 36. Rc3 Kf6 37. Bg8 Ke5 38. Bxh7 Kd4 39. Rxc4+ Rxc4 40. Bxg6 Rxa4
41. Bf7 b5 42. g4 b4 43. g5 b3 44. g6 b2 45. Be8 Ra7 0-1

[Event "Druzynowe Mistrzostwa Polski Juniorow - II liga"]
[Site "Sypniewo k. Jastowia"]
[Date "2024-06-17"]
[Round "4.30"]
[White "Pietraszewska, Julia"]
[Black "Jankiewicz, Lucja"]
[Result "0-1"]
[WhiteTitle "II"]
[BlackTitle "II+"]
[WhiteElo "1482"]
[BlackElo "1451"]

1. e4 e5 2. Nf3 Nc6 3. Bc4 Bc5 4. b4 Bxb4 5. c3 Ba5 6. d4 d6 7. O-O Qd7 8. Ng5
Nh6 9. Nf3 Ng4 10. h3 Nf6 11. Qd3 a6 12. Nbd2 O-O 13. Re1 h6 14. Nf1 Qe7 15. Ng3
exd4 16. Nxd4 Nxd4 17. Qxd4 d5 18. Bb3 c5 19. Qe3 d4 20. cxd4 Bxe1 21. Qxe1 cxd4
22. e5 Re8 23. Bf4 Nh7 24. Ne2 d3 25. Ng3 Be6 26. Bxe6 Qxe6 27. Rd1 Qxa2 28. Rxd3
Rad8 29. Rxd8 Rxd8 30. Qe4 Qd5 31. Qe3 Qd4 32. Qxd4 Rxd4 33. Be3 Rd8 34. Bb6 Re8
35. f4 Re6 36. Be3 Nf8 37. Kf2 Rc6 38. Nf5 Rc7 39. Bb6 Rc2+ 40. Ke3 Nd7 41. Bd4
b5 42. Ne7+ Kf8 43. Nd5 a5 44. Kd3 Rc8 45. f5 Nc5+ 46. Ke3 Ke8 47. Nb6 Rc6 48.
Nd5 b4 49. g4 b3 50. h4 Na4 51. g5 b2 52. Bxb2 Nxb2 53. Kd4 a4 54. Nb4 Rc4+ 55.
Kd5 Rxb4 56. e6 hxg5 57. hxg5 Rb5+ 58. Ke4 fxe6 59. fxe6 Rxg5 0-1

[Event "Druzynowe Mistrzostwa Polski Juniorow - II liga"]
[Site "Sypniewo k. Jastowia"]
[Date "2024-06-17"]
[Round "4.31"]
[White "Ladon, Tymoteusz"]
[Black "Mazurek, Filip"]
[Result "1-0"]
[WhiteTitle "II+"]
[BlackTitle "I"]
[WhiteElo "1596"]
[BlackElo "1879"]

1. e4 c5 2. Nf3 d6 3. d4 cxd4 4. Nxd4 Nf6 5. Nc3 a6 6. Be2 e5 7. Nf3 Be7 8. Bg5
Be6 9. O-O O-O 10. Qd2 h6 11. Bxf6 Bxf6 12. Rad1 Be7 13. Qe3 Nd7 14. Nd2 Rc8 15.
Qg3 b5 16. a3 Qb6 17. Bg4 Bxg4 18. Qxg4 Nf6 19. Qf3 b4 20. axb4 Qxb4 21. Nb3 Rc4
22. Ra1 Nxe4 23. Ra4 Rxc3 24. Rxb4 Rxf3 25. gxf3 Ng5 26. Kg2 Rc8 27. Rb7 Bf6 28.
c3 d5 29. Rd1 d4 30. f4 exf4 31. Nxd4 Ne4 32. Nf5 Rc5 33. Ne7+ Kh7 34. Nd5 Be5
35. Rxf7 Rb5 36. Re7 Rxb2 37. Rxe5 Nxf2 38. Rb1 Rxb1 39. Kxf2 Rc1 40. Kf3 g5 41.
Re6 a5 42. Ra6 Ra1 43. c4 Rc1 44. Nb6 Rc3+ 45. Ke4 Re3+ 46. Kd4 Re6 47. c5 f3
48. Ra7+ Kg8 49. Ra8+ Kg7 50. Ra7+ Kg8 51. Ra8+ Kg7 52. Nd7 Re7 53. c6 Rf7 54.
Rxa5 f2 55. Ra1 f1=Q 56. Rxf1 Rxf1 57. c7 Rd1+ 58. Kc5 Rc1+ 59. Kd6 Rd1+ 60. Kc6
1-0

[Event "Druzynowe Mistrzostwa Polski Juniorow - II liga"]
[Site "Sypniewo k. Jastowia"]
[Date "2024-06-17"]
[Round "4.32"]
[White "Kryston, Aleksander"]
[Black "Klask, Franciszek"]
[Result "1/2-1/2"]
[WhiteTitle "II+"]
[BlackTitle "II"]
[WhiteElo "1772"]
[BlackElo "1571"]

1. d4 Nf6 2. c4 e6 3. Nc3 Bb4 4. Qc2 d5 5. a3 Bxc3+ 6. Qxc3 O-O 7. Nf3 h6 8. e3
Nbd7 9. Bd3 c5 10. O-O dxc4 11. Bxc4 b6 12. b4 cxd4 13. Nxd4 Ne4 14. Qb3 Ne5 15.
Be2 Bb7 16. Nf3 Bd5 17. Qb2 Nxf3+ 18. Bxf3 Qg5 19. Qd4 Qg6 20. Rd1 Rac8 21. Bb2
Rc2 22. Rac1 Rfc8 23. Rxc2 Rxc2 24. Bh5 Qf6 25. Qxf6 Nxf6 26. Bxf6 gxf6 27. Bf3
Bxf3 28. gxf3 Rc3 29. Ra1 f5 30. f4 Kg7 1/2-1/2

[Event "Druzynowe Mistrzostwa Polski Juniorow - II liga"]
[Site "Sypniewo k. Jastowia"]
[Date "2024-06-17"]
[Round "4.33"]
[White "Wiekiera, Tomasz"]
[Black "Etut, Filbert"]
[Result "1/2-1/2"]
[WhiteTitle "II"]
[BlackTitle "I"]
[WhiteElo "1561"]
[BlackElo "1815"]

1. d4 d5 2. c4 dxc4 3. e4 e5 4. d5 Nf6 5. Nc3 b5 6. a3 a6 7. Bg5 Bc5 8. Nf3 Bg4
9. h3 Bxf3 10. Qxf3 Nbd7 11. a4 Rb8 12. axb5 axb5 13. Be2 O-O 14. O-O h6 15. Bh4
Bd4 16. Ra6 b4 17. Na4 c3 18. bxc3 bxc3 19. Rc1 Ra8 20. Nxc3 Rxa6 21. Bxa6 Qa8
22. Bf1 c6 23. Ne2 cxd5 24. exd5 Qxd5 25. Qxd5 Nxd5 26. Rd1 N7f6 27. Nxd4 exd4
28. Rxd4 Ne7 29. Bd3 Ng6 30. Bxf6 gxf6 1/2-1/2

[Event "Druzynowe Mistrzostwa Polski Juniorow - II liga"]
[Site "Sypniewo k. Jastowia"]
[Date "2024-06-17"]
[Round "4.34"]
[White "Baranowski, Jan"]
[Black "Walewski, Szymon"]
[Result "1-0"]
[WhiteTitle "II"]
[BlackTitle "II"]
[WhiteElo "1577"]
[BlackElo "1560"]

1. e4 e5 2. d4 exd4 3. Qxd4 Nc6 4. Qd3 Bc5 5. Nc3 d6 6. Bf4 Be6 7. f3 Qf6 8. Bd2
O-O-O 9. a3 a6 10. O-O-O Nge7 11. Be3 Bxe3+ 12. Qxe3 Rhe8 13. Nge2 d5 14. Nd4
Nxd4 15. Qxd4 Qxd4 16. Rxd4 Nc6 17. Rd2 dxe4 18. Rxd8+ Rxd8 19. Nxe4 f6 20. Nc5
Bf7 21. Bd3 h6 22. Re1 Ne5 23. Bf5+ Kb8 24. f4 Nc6 25. g3 Nd4 26. Bd3 Nc6 27.
Be4 Bd5 28. Rd1 Bxe4 29. Rxd8+ Nxd8 30. Nxe4 Ne6 31. c3 f5 32. Nd2 b5 33. Nf3
c5 34. Nh4 g6 35. Nxg6 Kc7 36. Kd2 Kd6 37. b4 Ng7 38. Ke3 Kd5 39. Kd3 h5 40. Ne5
Ne8 41. Nd7 c4+ 42. Ke3 Ng7 43. Nb8 Ne8 44. Nxa6 Nf6 45. Nc7+ Kc6 46. Ne6 Ng4+
47. Ke2 Nxh2 48. Nd4+ Kd5 49. Nxf5 Ke4 50. Nd6+ Kd5 51. Nxb5 Ng4 52. a4 Nf6 53.
Kf3 Nd7 54. a5 Nb8 55. Nd4 Na6 56. Nc2 Nb8 57. Ne3+ Kc6 58. Nxc4 Kb5 59. Nb2 Ka6
60. g4 hxg4+ 61. Kxg4 Nc6 62. Kg5 Ne7 63. f5 Nd5 64. Nd1 Ka7 65. f6 Ka6 66. f7
1-0

[Event "Druzynowe Mistrzostwa Polski Juniorow - II liga"]
[Site "Sypniewo k. Jastowia"]
[Date "2024-06-17"]
[Round "4.35"]
[White "Pastuszko, Katarzyna"]
[Black "Zalewska, Malgorzata"]
[Result "1-0"]
[WhiteTitle "I++"]
[BlackTitle "I+"]
[WhiteElo "1586"]
[BlackElo "1722"]

1. e4 c5 2. Nf3 g6 3. d4 cxd4 4. Nxd4 Nc6 5. Nc3 Bg7 6. Be3 Nf6 7. Be2 O-O 8. O-O
d5 9. exd5 Nxd5 10. Nxd5 Qxd5 11. Bf3 Qd7 12. Nxc6 bxc6 13. Qxd7 Bxd7 14. Rad1
Rfd8 15. Rxd7 Rxd7 16. Bxc6 Rad8 17. Bxd7 Rxd7 18. c3 a5 19. Rc1 a4 20. f3 f5
21. b3 axb3 22. axb3 Rb7 23. b4 Kf7 24. Bc5 Ke6 25. c4 Bh6 26. Re1+ Kf6 27. b5
Bd2 28. Bd4+ Kf7 29. Rb1 Ke6 30. c5 Kd5 31. c6 Rc7 32. Bb6 Rc8 33. c7 Kc4 34.
Kf2 f4 35. Ke2 Be3 36. Bxe3 Rxc7 37. Rc1+ 1-0

[Event "Druzynowe Mistrzostwa Polski Juniorow - II liga"]
[Site "Sypniewo k. Jastowia"]
[Date "2024-06-17"]
[Round "4.36"]
[White "Stolarz, Anna"]
[Black "Ksionek, Joanna"]
[Result "1-0"]
[WhiteTitle "II"]
[BlackTitle "II"]
[WhiteElo "1528"]
[BlackElo "1456"]

1. e4 e5 2. d4 d6 3. Nf3 Nf6 4. dxe5 dxe5 5. Qxd8+ Kxd8 6. Nxe5 Be6 7. Bd3 Bd6
8. Nf3 Nbd7 9. Bg5 Be5 10. Nxe5 Nxe5 11. f4 Nxd3+ 12. cxd3 Ke8 13. Nc3 c6 14.
h3 h6 15. Bxf6 gxf6 16. f5 Bd7 17. g4 Ke7 18. Kf2 Kd6 19. a3 a6 20. Ke3 Rag8 21.
Kf4 h5 22. Rag1 hxg4 23. hxg4 b5 24. d4 Ke7 25. e5 fxe5+ 26. dxe5 Kf8 27. Ne4
Bxf5 28. Kxf5 Rxh1 29. Rxh1 Ke7 30. Rh7 Rg6 31. Nd6 Rxd6 32. exd6+ Kxd6 33. Rxf7
Kc5 34. g5 b4 35. axb4+ Kxb4 36. Rb7+ Kc5 37. g6 a5 38. g7 a4 39. g8=Q a3 40.
Qf8+ Kc4 41. Qxa3 c5 42. Qb3+ Kd4 43. Rd7# 1-0

[Event "Druzynowe Mistrzostwa Polski Juniorow - II liga"]
[Site "Sypniewo k. Jastowia"]
[Date "2024-06-17"]
[Round "4.37"]
[White "Gorny, Tomasz"]
[Black "Lochinski, Pawel"]
[Result "1/2-1/2"]
[WhiteTitle "I"]
[BlackTitle "I"]
[WhiteElo "1876"]
[BlackElo "1857"]

1. e4 c5 2. Nf3 Nc6 3. Nc3 d6 4. d4 cxd4 5. Nxd4 Nf6 6. Bc4 Bd7 7. Bb3 a6 8. Nxc6
Bxc6 9. f3 e6 10. Be3 Be7 11. Qe2 Qc7 12. O-O O-O 13. Rad1 b5 14. Qf2 Nd7 15.
Qg3 Rfd8 16. a3 a5 17. Ne2 Rac8 18. Nf4 Nc5 19. Ba2 Bd7 20. Nh5 g6 21. Nf4 Bf6
22. c3 a4 23. Nh5 Be5 24. Bf4 Kh8 25. Bxe5+ dxe5 26. Nf6 Kg7 27. Ng4 Be8 28. Qxe5+
Qxe5 29. Nxe5 f6 30. Ng4 Kf7 31. Ne3 Rd3 32. Bb1 Rxd1 33. Rxd1 Ke7 34. Kf2 Nb3
35. Nc2 Na5 36. Ba2 Nc4 37. Bxc4 Rxc4 38. Rd4 Rc5 39. Ke3 Bf7 40. Nb4 g5 41. Nd3
Rc7 42. Rb4 Be8 43. g3 e5 44. Kd2 Bc6 45. c4 bxc4 46. Rxc4 Kd6 47. Nb4 Bb7 48.
Rxc7 Kxc7 49. Kd3 Kd6 50. Kc4 g4 51. fxg4 Bxe4 52. Na6 Bf3 53. Nc5 Bc6 54. Nd3
Bf3 55. Nc5 Bc6 56. Nd3 Bf3 57. Nc5 1/2-1/2

[Event "Druzynowe Mistrzostwa Polski Juniorow - II liga"]
[Site "Sypniewo k. Jastowia"]
[Date "2024-06-17"]
[Round "4.38"]
[White "Jablonski, Antoni"]
[Black "Gulinski, Maciej"]
[Result "1-0"]
[WhiteTitle "I+"]
[BlackTitle "II"]
[WhiteElo "1938"]
[BlackElo "1617"]

1. d4 d5 2. c4 c6 3. e3 Nf6 4. Nc3 e6 5. Nf3 Nbd7 6. Bd3 dxc4 7. Bxc4 b5 8. Bd3
b4 9. Na4 Bb7 10. e4 c5 11. e5 Nd5 12. O-O Be7 13. Nxc5 Bxc5 14. dxc5 Nxc5 15.
Bb5+ Nd7 16. Bg5 Qa5 17. Bxd7+ Kxd7 18. Nd2 h6 19. Be3 Ba6 20. Nb3 Qb5 21. Nc5+
Ke7 22. Nxa6 Qxa6 23. Bc5+ Kd7 24. Qf3 Ke8 25. a3 Qc6 26. axb4 a6 27. Rfc1 Rc8
28. Be3 Qb7 29. Rxc8+ Qxc8 30. Bc5 Qc6 31. Qg4 g6 32. Qc4 Nc7 33. Qd3 Qb5 34.
Qd6 Qd7 35. Rc1 Nd5 36. Qxa6 f5 37. Qa8+ Qd8 38. Ra1 Nc7 39. Qc6+ Qd7 40. Qd6
Qxd6 41. exd6 1-0

[Event "Druzynowe Mistrzostwa Polski Juniorow - II liga"]
[Site "Sypniewo k. Jastowia"]
[Date "2024-06-17"]
[Round "4.39"]
[White "Smolinski, Wojciech"]
[Black "Modzelan, Wojciech"]
[Result "1/2-1/2"]
[WhiteTitle "I"]
[BlackTitle "II"]
[WhiteElo "1841"]
[BlackElo "1568"]

1. e4 e5 2. Nf3 Nf6 3. Nxe5 d6 4. Nf3 Nxe4 5. Nc3 Nxc3 6. dxc3 Be7 7. Bf4 Be6 8.
Qd2 O-O 9. O-O-O a5 10. Kb1 Qd7 11. Nd4 Nc6 12. Nxe6 Qxe6 13. Bd3 Ne5 14. Rhe1
Qf6 15. Bf1 Rfb8 16. Qd4 Ng6 17. Qxf6 Bxf6 18. Be3 Re8 19. Bd4 Be5 20. g3 Rab8
21. f4 Bxd4 22. cxd4 Kf8 23. Bg2 c6 24. c3 Rxe1 25. Rxe1 Re8 26. Rxe8+ Kxe8 27.
Kc2 d5 28. Kd3 Kd7 29. b3 Kd6 30. Ke3 f5 31. Bf1 Ne7 32. Bd3 Ng8 1/2-1/2

[Event "Druzynowe Mistrzostwa Polski Juniorow - II liga"]
[Site "Sypniewo k. Jastowia"]
[Date "2024-06-17"]
[Round "4.41"]
[White "Leks, Emilia"]
[Black "Babinska, Liwia"]
[Result "1-0"]
[WhiteTitle "I"]
[BlackTitle "I"]
[WhiteElo "1519"]
[BlackElo "1702"]

1. d4 Nf6 2. c4 c5 3. d5 b5 4. b3 b4 5. Qc2 g6 6. Nd2 Bg7 7. Rb1 e6 8. e4 d6 9.
Bd3 exd5 10. exd5 Qe7+ 11. Ne2 O-O 12. O-O Nbd7 13. f4 Ng4 14. Ne4 Re8 15. h3
Nh6 16. Ng5 Nb6 17. Ng3 Bf6 18. Bd2 Bd7 19. Rbe1 Qf8 20. Rxe8 Rxe8 21. f5 Bxg5
22. Bxg5 gxf5 23. Bf6 Rc8 24. Nxf5 Nxf5 25. Bxf5 Qh6 26. Qe4 Rc7 27. Rf4 1-0